000 01801cam a22004814i 4500
003 PE-LiUPU
005 20250731173134.0
008 150623s r 000 0 d
020 _a0824508939
035 _a(Sirsi) i9780824508937
040 _aPE-LiUPU
_bspa
_cPE-LiUPU
_erda
049 _aPRUA
082 0 4 _a261.834 4
_bM75
_221
100 1 _aMollenkott, Virginia Ramey,
_eautor.
245 1 0 _aWomen, men, and the Bible /
_cVirginia Ramey Mollenkott.
264 1 _aNew York, NY :
_bCrossroad Publishing Company,
_c1989.
300 _a163 páginas ;
_c21 centímetros
336 _atext
_2rdacontent
337 _aunmediated
_2rdamedia
338 _avolume
_2rdacarrier
504 _aIncluye referencias bibliográficas.
505 0 _aThe Christian way of relating. -The patriarchal way of relating. -Is God masculine?. -Freedom from stereotypes. -Pauline contradictions and biblical inspiration. -Learning to interpret accurately. -Bible doctrines and human equality.
526 _aSEG42
526 _aSEG41
526 _aSEG40
526 _aSEG39
526 _aP94
526 _aP87
526 _aP86
526 _aP85
526 _aP77
526 _aP76
526 _aP35
650 0 4 _aMujeres (Teología cristiana).
650 0 4 _aMujeres
_xAspectos religiosos.
650 0 4 _aMujeres
_xEnseñanza bíblica.
942 _2ddc
_cBOOK
949 _a261.834 4 M75
_wDEWEY
_c1
_i52203
_lCCODEBUL1
_mBUL
_p10.00
_r0
_sY
_tBOOK
_u2015-6-24
_xTEOLOGIA
_PP35
_0COMPRA
_o.STAFF. Colección General
994 _aC0
_bPEPRU
596 _a1
999 _a261.834 4 M75
_wDEWEY
_c34015
_i52203
_f2021-11-10
_g5
_lCCODEBUL1
_mBUL
_p10.00
_r0
_sY
_tBOOK
_u2015-6-24
_xTEOLOGIA
_PP35
_0COMPRA
_o.STAFF. Colección General
_d34015
980 _81
_gALBERTO SANCHEZ Responsable de Automatización